Statistics for International Licence Plates: Complete List

Click here to take the quiz!

General Stats

  • This quiz has been taken 48 times
  • The average score is 89 of 195

Answer Stats

Country Licence plate % Correct
AustriaA
100%
NorwayN
97%
GermanyD
97%
HungaryH
97%
BelgiumB
97%
FranceF
97%
CubaC
97%
ThailandT
97%
SwedenS
95%
GabonG
95%
LuxembourgL
95%
SpainE
95%
AlbaniaAL
95%
PortugalP
95%
MaltaM
92%
Vatican CitySCV or V
92%
ItalyI
92%
JapanJ
89%
CambodiaK
89%
ZambiaZ
84%
QatarQ
84%
El SalvadorES
84%
AustraliaAUS
82%
BrazilBR
82%
EgyptET
79%
BulgariaBG
79%
United KingdomGB
79%
AndorraAND
79%
IranIR
79%
Antigua and BarbudaAG
76%
BelizeBH or BZ
76%
MoroccoMA
74%
ColombiaCO
71%
Czech RepublicCZ
71%
SwitzerlandCH
71%
LithuaniaLT
71%
GreeceGR
71%
AfghanistanAFG
68%
AzerbaijanAZ
68%
SlovakiaSK
68%
PanamaPA
66%
BurundiRU
66%
EcuadorEC
66%
PolandPL
66%
IcelandIS
66%
CyprusCY
66%
UkraineUA
63%
AngolaANG
63%
BahamasBS
63%
ChinaCN
63%
Burkina FasoBF
63%
RomaniaRO
63%
SomaliaSO
63%
KazakhstanKZ
61%
New ZealandNZ
61%
MonacoMC
61%
GhanaGH
61%
SeychellesSY
61%
GeorgiaGE
61%
LiberiaLB
61%
Costa RicaCR
61%
EstoniaEST
61%
FinlandFIN
58%
TurkeyTR
58%
BotswanaBW or RB
58%
NetherlandsNL
58%
TaiwanRC
58%
BangladeshBD
58%
JamaicaJA
58%
East TimorTL
58%
Trinidad and TobagoTT
58%
Cape VerdeCV
58%
EritreaER
58%
United StatesUSA
58%
LesothoLS
55%
MoldovaMD
55%
BurmaBUR
55%
South AfricaZA
55%
IsraelIL
55%
TogoTG
55%
Dominican RepublicDOM
55%
ArmeniaAM
55%
LatviaLV
55%
PeruPE
53%
TongaTO
53%
OmanOM
53%
CameroonCAM
53%
DenmarkDK
53%
CroatiaHR
53%
EthiopiaETH
53%
RussiaRUS
50%
MalawiMW
50%
United Arab EmiratesUAE
50%
UzbekistanUZ
50%
SloveniaSLO
47%
TunisiaTN
47%
BoliviaBOL
47%
IndiaIND
47%
Federated States of MicronesiaFSM
47%
KyrgyzstanKS
45%
TajikistanTJ
45%
DjiboutiDJI
45%
BruneiBRU
45%
IrelandIRL
45%
SenegalSN
45%
PakistanPK
45%
Côte d'IvoireCI
45%
KiribatiKIR
45%
Sri LankaCL
42%
MexicoMEX
42%
MacedoniaMK
42%
IraqIRQ
39%
ArgentinaRA
39%
MauritiusMS
39%
MalaysiaMAL
39%
ParaguayPY
37%
PalauPAL
37%
VietnamVN
37%
Bosnia and HerzegovinaBIH
37%
SwazilandSD
37%
ZimbabweZW
37%
LaosLAO
37%
TurkmenistanTM
34%
Papua New GuineaPNG
34%
AlgeriaDZ
34%
ComorosCOM
34%
UruguayUY
34%
SyriaSYR
32%
BelarusBY
32%
NamibiaNAM
32%
RwandaRWA
32%
LiechtensteinFL
29%
GuyanaGUY
29%
NepalNEP
29%
São Tomé and PríncipeSTP
29%
NicaraguaNIC
29%
MaldivesMV
29%
NauruNAU
26%
GuineaRG
26%
PhilippinesRP
26%
NigerRN
26%
SudanSUD
24%
MadagascarRM
24%
SerbiaSRB
24%
Marshall IslandsMH
24%
TuvaluTUV
24%
VanuatuVU
24%
Equatorial GuineaGQ
24%
IndonesiaRI
21%
BeninDY
21%
HaitiRH
21%
LebanonRL
21%
HondurasHN
21%
Solomon IslandsSOL
21%
North KoreaKP
21%
FijiFJI
18%
BahrainBRN
18%
San MarinoRSM
13%
BhutanBHT
13%
SamoaWS
13%
VenezuelaYV
13%
KuwaitKWT
13%
Central African RepublicRCA
11%
Saudi ArabiaKSA
11%
MontenegroMNE
11%
TanzaniaEAT
8%
GrenadaWG
8%
CanadaCDN
8%
SingaporeSGP
8%
DominicaWD
8%
BarbadosBDS
8%
Saint Vincent and the GrenadinesWV
8%
Saint LuciaWL
8%
Sierra LeoneSLE or WAL
5%
MozambiqueMOC
5%
JordanHKJ
5%
ChileRCH
5%
KosovoRKS
5%
LibyaLAR
3%
YemenYAR
3%
GambiaWAG
3%
South KoreaROK
3%
KenyaEAK
3%
MongoliaMGL
3%
Guinea-BissauGW*, RGB
0%
ChadTCH, TD
0%
GuatemalaGCA
0%
Democratic Republic of the CongoZRE
0%
UgandaEAU
0%
Saint Kitts and NevisKAN
0%
NigeriaWAN
0%
MauritaniaRIM
0%
Republic of the CongoRCB
0%
MaliRMM
0%
SurinameSME
0%

Score Distribution

Percentile by Number Answered

Percent of People with Each Score

Your Score History

You have not taken this quiz